Toutes les Techniques de Fey Rune/Fei D'Inazuma Eleven - Statistiques

Statistiques générales
  • Ce quiz a été pris 23 fois
  • Le résultat moyen est 7 sur 9
Statistiques - réponses
Réponse Type de quiz Première Utilisation % Correct
Big MIXIMAX GO CS
100%
Lièvre Bondissant TIR GO CS
93%
Lièvre Bondissant Surpuissant TIR GO CS
87%
Mâchoire Jurassique TIR GO CS
80%
Sir Lapin, Chevalier Supersonique Esprit Guerrier GO CS
80%
Tir de Défense Torsadé TIR GO CS
80%
Tyranno MIXIMAX GO CS
80%
Attaque Équipe Ultime TIR GO CS
67%
Fièvre de Lune TIR EG GO CS
53%
Aucun quiz correspondant
Distribution des résultats
% des personnes avec chaque résultat
Percentile par nombre de réponses
Votre historique - résultats
Vous n’avez pas pris ce quiz